[Event "Regionalliga NO 1516"]
[Site "Bayern"]
[Date "2016.01.31"]
[Round "6.7"]
[White "Schwarm, Werner"]
[Black "Petrov, Mikhail"]
[Result "1/2-1/2"]
[WhiteElo "1747"]
[BlackElo "1951"]
[PlyCount "31"]
[EventDate "2015.10.11"]
[EventType "team-tourn"]
[EventRounds "9"]
[EventCountry "GER"]
[SourceTitle "EXT 2018"]
[Source "ChessBase"]
[SourceDate "2017.10.13"]
[SourceVersion "1"]
[SourceVersionDate "2017.10.13"]
[SourceQuality "1"]
[WhiteTeam "Altensittenbach"]
[BlackTeam "Nuernberg Sued SW II"]
[WhiteTeamCountry "GER"]
[BlackTeamCountry "GER"]

1. e4 e6 2. d4 d5 3. exd5 exd5 4. Bf4 Nc6 5. Nf3 Bg4 6. Be2 Nf6 7. c3 Be7 8. Ne5 Nxe5 9. Bxe5 Bxe2 10. Qxe2 0-0 11. 0-0 Re8 12. Qd3 Ng4 13. Bg3 Bd6 14. Nd2 Qd7 15. Bxd6 Qxd6 16. Nf3 1/2-1/2

[Event "Mittelfranken-chTB1 1415"]
[Site "Mittelfranken"]
[Date "2014.11.16"]
[Round "3.8"]
[White "Wolfrum, Peter"]
[Black "Petrov, Mikhail"]
[Result "0-1"]
[WhiteElo "1635"]
[BlackElo "1951"]
[PlyCount "78"]
[EventDate "2014.09.29"]
[EventType "team-tourn"]
[EventRounds "9"]
[EventCountry "GER"]
[SourceTitle "EXT 2020"]
[Source "ChessBase"]
[SourceDate "2019.10.17"]
[SourceVersion "1"]
[SourceVersionDate "2019.10.17"]
[SourceQuality "1"]
[WhiteTeam "Nuernberg SK 1911 II"]
[BlackTeam "Nuernberg Sued SW III"]
[WhiteTeamCountry "GER"]
[BlackTeamCountry "GER"]

1. f4 d5 2. Nf3 c5 3. e3 Nc6 4. b3 Nf6 5. Bb2 Bg4 6. h3 Bf5 7. g4 Bd7 8. Bb5 e6 9. Bxc6 Bxc6 10. d3 Qc7 11. Ne5 d4 12. e4 Bd6 13. Nxc6 Bxf4 14. Nxd4 Bg3+ 15. Ke2 cxd4 16. Bxd4 0-0-0 17. Bxf6 gxf6 18. Nd2 h5 19. Rc1 hxg4 20. hxg4 Qf4 21. Qf1 Rxh1 22. Qxh1 Qf2+ 23. Kd1 Rg8 24. Qf1 Qe3 25. Qe2 Qg5 26. c4 Rh8 27. Nf1 Bf4 28. Rc2 Rh4 29. Qf3 Rxg4 30. Rf2 Be5 31. Qe3 Qh5 32. Kc2 Bc7 33. Qf3 Bb6 34. Rg2 Rxg2+ 35. Qxg2 Qg6 36. Qh3 Qg5 37. Qh8+ Bd8 38. a4 Qc5 39. Qh3 Qf2+ 0-1

[Event "Verbandsliga Nord Baden 1213"]
[Site "Baden"]
[Date "2013.03.03"]
[Round "7.5"]
[White "Pfleger, Juergen"]
[Black "Petrov, Mikhail"]
[Result "0-1"]
[WhiteElo "1882"]
[BlackElo "2260"]
[PlyCount "32"]
[EventDate "2012.10.21"]
[EventType "team-tourn"]
[EventRounds "9"]
[EventCountry "GER"]
[SourceTitle "EXT 2014"]
[Source "ChessBase"]
[SourceDate "2013.11.20"]
[SourceVersion "1"]
[SourceVersionDate "2013.11.20"]
[SourceQuality "1"]
[WhiteTeam "Bad Mergentheim II"]
[BlackTeam "Slavija KA"]
[WhiteTeamCountry "GER"]
[BlackTeamCountry "GER"]

1. c4 Nf6 2. Nf3 e6 3. d4 b6 4. g3 Ba6 5. Qc2 Bb4+ 6. Bd2 Be7 7. Bg2 0-0 8. 0-0 d5 9. Ne5 c5 10. e3 Nfd7 11. b3 cxd4 12. exd4 Nxe5 13. dxe5 Nd7 14. Qb2 Rc8 15. Rc1 dxc4 16. Bf1 Nxe5 0-1

[Event "Verbandsliga Nord Baden 0910"]
[Site "Baden"]
[Date "2011.03.13"]
[Round "7.8"]
[White "Malheur, Fabian"]
[Black "Petrov, Mikhail"]
[Result "1/2-1/2"]
[WhiteElo "2012"]
[BlackElo "2260"]
[PlyCount "113"]
[EventDate "2010.10.17"]
[EventType "team-tourn"]
[EventRounds "9"]
[EventCountry "GER"]
[SourceTitle "EXT 2012"]
[Source "ChessBase"]
[SourceDate "2011.11.24"]
[SourceVersion "1"]
[SourceVersionDate "2011.11.24"]
[SourceQuality "1"]
[WhiteTeam "Birkenfeld"]
[BlackTeam "Slavija KA"]
[WhiteTeamCountry "GER"]
[BlackTeamCountry "GER"]

1. e4 e6 2. d4 d5 3. Nc3 Bb4 4. Nge2 dxe4 5. a3 Ba5 6. b4 Bb6 7. Nxe4 a5 8. Bb2 Nf6 9. Nxf6+ Qxf6 10. c4 c6 11. c5 Bc7 12. Qd2 axb4 13. axb4 Rxa1+ 14. Bxa1 0-0 15. Ng3 b6 16. Bd3 bxc5 17. bxc5 Ba6 18. Bxa6 Nxa6 19. 0-0 Qh4 20. f4 Rb8 21. Bc3 Rb5 22. Qa2 Nb8 23. f5 Bxg3 24. hxg3 Qxg3 25. Rf3 Qg4 26. f6 g6 27. Qd2 Rb1+ 28. Kh2 Qh4+ 29. Rh3 Qxf6 30. d5 e5 31. Qa2 Qf4+ 32. Rg3 Rb5 33. Bd2 Qd4 34. dxc6 Nxc6 35. Qa8+ Nb8 36. Be3 Qd8 37. Bg5 f6 38. Qa2+ Kg7 39. Be3 Qd7 40. Rh3 h5 41. Qc4 Qc6 42. Bf2 Rb2 43. Rf3 Nd7 44. Qc3 Rb5 45. Rd3 Nf8 46. Rd6 Qc7 47. Qf3 Qe7 48. Qd3 Rb2 49. Bg3 g5 50. Qc3 Rb8 51. Qd2 h4 52. Bf2 e4 53. Bd4 Ne6 54. Rd7 Qxd7 55. Bxf6+ Kxf6 56. Qxd7 Rd8 57. Qc6 1/2-1/2

[Event "IECC KO email"]
[Site "IECC email"]
[Date "2000.05.26"]
[Round "?"]
[White "Sveinsson, Jon Arni"]
[Black "Petrov, Mikhail"]
[Result "1-0"]
[WhiteElo "1945"]
[BlackElo "1112"]
[PlyCount "29"]
[EventDate "2000.??.??"]
[EventType "tourn (corr)"]
[EventRounds "6"]
[SourceTitle "Corr 2008"]
[Source "ChessBase"]
[SourceDate "2008.06.24"]
[SourceVersion "1"]
[SourceVersionDate "2008.06.24"]
[SourceQuality "1"]

1. d4 Nf6 2. c4 c5 3. d5 e6 4. Nc3 exd5 5. cxd5 d6 6. Nf3 g6 7. e4 Bg7 8. Be2 0-0 9. 0-0 Re8 10. Nd2 Nbd7 11. a4 Ne5 12. Qc2 Nh5 13. Bxh5 gxh5 14. Nd1 Qh4 15. Ra3 1-0

[Event "IECC TH-M email"]
[Site "IECC email"]
[Date "1999.10.05"]
[Round "?"]
[White "Gulbe, Erika"]
[Black "Petrov, Mikhail"]
[Result "1/2-1/2"]
[WhiteElo "1273"]
[BlackElo "1098"]
[PlyCount "34"]
[EventDate "1999.??.??"]
[EventType "match (corr)"]
[EventRounds "2"]
[SourceTitle "Corr 2008"]
[Source "ChessBase"]
[SourceDate "2008.06.24"]
[SourceVersion "1"]
[SourceVersionDate "2008.06.24"]
[SourceQuality "1"]

1. e4 e5 2. f4 exf4 3. Nf3 d5 4. exd5 Nf6 5. Bc4 Nxd5 6. Bxd5 Qxd5 7. 0-0 Be7 8. Nc3 Qf5 9. Re1 Be6 10. d4 c6 11. Re5 Qg6 12. Bxf4 Nd7 13. Re3 0-0-0 14. Kh1 Bf6 15. Ne4 Be7 16. b3 Bd5 17. Ng3 Bd6 1/2-1/2